[Event "Kostroma Volga Cup op"]
[Site "Kostroma"]
[Date "2009.07.??"]
[Round "5"]
[White "Abdrakhmanov, Ramiss"]
[Black "Zimenko, Boris"]
[Result "1/2-1/2"]
[WhiteElo "1880"]
[BlackElo "2026"]
[PlyCount "85"]
[EventDate "2009.07.03"]
[EventType "swiss"]
[EventRounds "9"]
[EventCountry "RUS"]
[SourceTitle "EXT 2021"]
[Source "ChessBase"]
[SourceDate "2020.10.23"]
[SourceVersion "1"]
[SourceVersionDate "2020.10.23"]
[SourceQuality "1"]

1. e4 d5 2. exd5 Nf6 3. c4 c6 4. d4 cxd5 5. Nc3 Nc6 6. Be3 e6 7. c5 e5 8. dxe5 Nxe5 9. Bd4 Ned7 10. Bb5 Be7 11. Bxf6 Bxf6 12. Qe2+ Kf8 13. 0-0-0 Bxc3 14. bxc3 Nf6 15. c4 Bf5 16. cxd5 Qa5 17. Qc4 Rc8 18. c6 Ne4 19. Qb3 a6 20. Ba4 Qc5+ 21. Kb2 b5 22. Qa3 Qxa3+ 23. Kxa3 bxa4 24. Ne2 Nxf2 25. Rdf1 Nxh1 26. Rxf5 Ke7 27. Nc3 Rhe8 28. Ne4 g6 29. Rf3 Red8 30. d6+ Rxd6 31. Rxf7+ Ke6 32. Rf6+ Ke5 33. Nxd6 Rxc6 34. Rf1 Kxd6 35. Rxh1 Rc2 36. h4 Rxg2 37. h5 g5 38. Rf1 Rh2 39. Rf6+ Kc5 40. Rh6 g4 41. Rxh7 g3 42. Rg7 Rxh5 43. Rxg3 1/2-1/2

[Event "Kostroma Volga Cup op"]
[Site "Kostroma"]
[Date "2009.07.??"]
[Round "2"]
[White "Anashkin, Oleg"]
[Black "Abdrakhmanov, Ramiss"]
[Result "1/2-1/2"]
[WhiteElo "2160"]
[BlackElo "1880"]
[PlyCount "50"]
[EventDate "2009.07.03"]
[EventType "swiss"]
[EventRounds "9"]
[EventCountry "RUS"]
[SourceTitle "EXT 2021"]
[Source "ChessBase"]
[SourceDate "2020.10.23"]
[SourceVersion "1"]
[SourceVersionDate "2020.10.23"]
[SourceQuality "1"]

1. e4 c5 2. d4 cxd4 3. c3 dxc3 4. Nxc3 Nc6 5. Nf3 e6 6. Bc4 d6 7. Qe2 Be7 8. 0-0 a6 9. Rd1 Qc7 10. Be3 Nf6 11. Rac1 Qb8 12. Bb6 Nd7 13. Be3 0-0 14. Nd4 Nxd4 15. Bxd4 b5 16. Bb3 Bb7 17. Rd3 e5 18. Be3 Nf6 19. Bg5 b4 20. Bxf6 Bxf6 21. Nd5 Bxd5 22. Bxd5 Ra7 23. b3 a5 24. Rcd1 Rd8 25. Bc4 Be7 1/2-1/2

[Event "Moscow op-B"]
[Site "Moscow"]
[Date "2009.02.04"]
[Round "5"]
[White "Tangatarov, Timur"]
[Black "Abdrakhmanov, Ramiss"]
[Result "1/2-1/2"]
[WhiteElo "2121"]
[BlackElo "1863"]
[PlyCount "72"]
[EventDate "2009.01.31"]
[EventType "swiss"]
[EventRounds "9"]
[EventCountry "RUS"]
[SourceTitle "EXT 2012"]
[Source "ChessBase"]
[SourceDate "2011.11.24"]
[SourceVersion "1"]
[SourceVersionDate "2011.11.24"]
[SourceQuality "1"]

1. e4 c5 2. Nf3 d6 3. d4 cxd4 4. Nxd4 a6 5. Nc3 Nc6 6. Be2 Nf6 7. 0-0 e6 8. Kh1 Be7 9. f4 Qc7 10. a4 b6 11. Nxc6 Qxc6 12. e5 dxe5 13. fxe5 Nd5 14. Nb5 Bb7 15. c4 axb5 16. cxd5 Qxd5 17. Bxb5+ Kf8 18. Qe2 Qe4 19. Qf2 f5 20. exf6 gxf6 21. Bg5 Rg8 22. h4 Qg4 23. Rae1 Rxg5 24. hxg5 Qh5+ 25. Kg1 Bc5 26. Re3 f5 27. b4 Bd4 28. Qf4 Rd8 29. Rfe1 Be4 30. Be2 Qf7 31. Rd1 e5 32. Qf2 Rc8 33. Rxd4 exd4 34. Rh3 Rc2 35. Qxd4 Rxe2 36. Qh8+ Qg8 1/2-1/2

[Event "Moscow op-B"]
[Site "Moscow"]
[Date "2009.02.03"]
[Round "4"]
[White "Abdrakhmanov, Ramiss"]
[Black "Nefedov, Sergey Anatolievich"]
[Result "0-1"]
[WhiteElo "1863"]
[BlackElo "2166"]
[PlyCount "78"]
[EventDate "2009.01.31"]
[EventType "swiss"]
[EventRounds "9"]
[EventCountry "RUS"]
[SourceTitle "EXT 2012"]
[Source "ChessBase"]
[SourceDate "2011.11.24"]
[SourceVersion "1"]
[SourceVersionDate "2011.11.24"]
[SourceQuality "1"]

1. e4 d5 2. exd5 Nf6 3. c4 c6 4. d4 cxd5 5. Nc3 Nc6 6. Nf3 Bg4 7. Be3 e6 8. c5 Ne4 9. Qc2 Qa5 10. Nd2 Nxc3 11. bxc3 e5 12. Qb3 0-0-0 13. Rb1 Qc7 14. Bd3 Be7 15. 0-0 g5 16. Qa4 Bd7 17. Bb5 Kb8 18. dxe5 Ka8 19. Bd4 Rhg8 20. Nb3 Rg6 21. f4 gxf4 22. Rxf4 f6 23. Bxc6 Bxc6 24. Qa5 Qb8 25. Re1 Rdg8 26. Rf2 Bd8 27. Qa3 Bc7 28. Na5 fxe5 29. Nxc6 Rxc6 30. Be3 d4 31. cxd4 exd4 32. Bxd4 Bxh2+ 33. Kf1 Bg3 34. Re7 Bxf2 35. Bxf2 Rf8 36. Kg1 Rxf2 37. Qe3 Rf8 38. Rxh7 Rcf6 39. g3 Rf3 0-1

[Event "Kostroma Volga Cup op"]
[Site "Kostroma"]
[Date "2008.07.??"]
[Round "1"]
[White "Kotov, Dmitry"]
[Black "Abdrakhmanov, Ramiss"]
[Result "1-0"]
[WhiteElo "2165"]
[BlackElo "1855"]
[PlyCount "81"]
[EventDate "2008.07.??"]
[EventType "swiss"]
[EventRounds "9"]
[EventCountry "RUS"]
[SourceTitle "EXT 2009"]
[Source "ChessBase"]
[SourceDate "2008.11.26"]
[SourceVersion "1"]
[SourceVersionDate "2008.11.26"]
[SourceQuality "1"]

1. e4 c5 2. Nf3 d6 3. d4 cxd4 4. Nxd4 Nf6 5. f3 e6 6. c4 Be7 7. Nc3 a6 8. Be3 Qc7 9. Rc1 Nbd7 10. Be2 0-0 11. 0-0 b6 12. Qd2 Bb7 13. Rfd1 Rfd8 14. Qe1 Rac8 15. Qf2 Qb8 16. Nc2 Ba8 17. Nb4 Nc5 18. Nd3 Nfd7 19. Bd4 Ne5 20. b3 Bf6 21. Nxe5 Bxe5 22. b4 Bxd4 23. Rxd4 e5 24. Rd2 Ne6 25. Rcd1 Nd4 26. a4 Qc7 27. Bd3 Bc6 28. h4 a5 29. Rb2 Bd7 30. Nd5 Qa7 31. Ne7+ Kh8 32. Nxc8 Rxc8 33. Rdb1 Bxa4 34. bxa5 bxa5 35. Rb7 Qc5 36. Rxf7 Bb3 37. f4 exf4 38. Rxf4 Ne6 39. Rf5 Qxf2+ 40. Kxf2 Nc5 41. Rxc5 1-0